Normal view
MARC view
- البنوك الاسلامية- مؤتمرات- الاقتصاد الاسلامي
Entry Topical Term
001 - CONTROL NUMBER
- control field: 41256
003 - CONTROL NUMBER IDENTIFIER
- control field: JO-AjAnu
005 - DATE AND TIME OF LATEST TRANSACTION
- control field: 20230606080844.0
008 - FIXED-LENGTH DATA ELEMENTS
- fixed length control field: 230606|| aca||aabn | a|a d
040 ## - CATALOGING SOURCE
- Original cataloging agency: JO-AjAnu
- Transcribing agency: JO-AjAnu
150 ## - HEADING--TOPICAL TERM
- Topical term or geographic name entry element: البنوك الاسلامية- مؤتمرات- الاقتصاد الاسلامي
670 ## - SOURCE DATA FOUND
- Source citation: Work cat.: (JO-AjAnu)21142: المجمع الملكي لبحوث الحضارة الإسلامية (مؤسسة آل البيت), author 41255, خطة الإستثمار في البنوك الإسلامية الجوانب التطبيقية والقضايا والمشكلات/ ندوة عقدت بالتعاون مع المعهد الإسلامي للبحوث والتدريب البنك الإسلامي للتنمية - جدة عمان 20-25شوال 1407هـ الموافق 16-21 حزيران 1987م